000 01917nam0a22002891 4500
001 rc\4437672
005 20260407122522.0
021 _aRU
_b[57-39898]
035 _a(NLR Aleph) 008579478
090 _a8575873
_c8575873
100 _a20130416d1957 |||y0rusy50 ca
101 0 _arus
102 _aRU
105 _ay z |||||
200 1 _aИз опыта работы с детьми дошкольного возраста
_e[Доклады на IX респ. "Пед. чтениях"]
_fМ-во просвещения ДАССР. Ин-т усовершенствования учителей. Кабинет дошкольного воспитания
210 _aМахачкала
_cДагучпедгиз
_d1957
215 _a29 с.
_d20
327 1 _aСодерж.: Игры детей-дошкольников / А. Бутаева, зав. Кумухским дет. садом. Привитие трудовых навыков детям старшей группы / Е.П. Рашидова, воспитательница Буйнакского дошкольного детдома № 6
464 0 _12001#$aПривитие трудовых навыков детям старшей группы
_1700#1$aРашидова$bЕ.П.
_tПривитие трудовых навыков детям старшей группы
_aРашидова, Е.П.
464 0 _12001#$aИгры детей-дошкольников
_1700#1$aБутаева$bА.
_tИгры детей-дошкольников
_aБутаева, А.
606 _aДошкольное воспитание
_jСборники
_2psbo
712 0 2 _aДагестанский республиканский институт усовершенствования учителей
_cМахачкала
_3RU\NLR\AUTH\889959292
_9414744
801 0 _aRU
_bNLR
_gpsbo
801 1 _aRU
_bELAR
_2rusmarc
852 _aNLR
_j57-4/10250
942 _cBOOK
980 _aNB